Statistics for 10 Busiest Air Routes in the US

Click here to take the quiz!

General Stats

  • This quiz has been taken 103 times
  • The average score is 8 of 9

Answer Stats

City 1 % Correct
New York
99%
Chicago
98%
Los Angeles
98%
San Francisco
97%
Miami
94%
Atlanta
94%
Washington D.C
86%
Orlando
73%
Minneapolis
58%

Score Distribution

Percentile by Number Answered

Percent of People with Each Score

Your Score History

You have not taken this quiz